000 00774nam a2200229 a 4500
001 49411
003 BD-RjUL
005 20211209054657.0
008 160820s1984 bg ||||| |||| 00| 0 ben d
020 _c: Tk. 37.00
035 _a(BD-RjUL)49530
040 _aBD-RjUL
_bben
_cBD-RjUL
041 _aben
082 _223
_a336
_bHOS 1984
100 1 _aহোসেন, মুহম্মদ ইসমাইল
_9148324
245 1 0 _aসরকারী অর্থব্যবস্থা
260 _aঢাকা :
_bআলীগড় লাইব্রেরী,
_c১৯৮৪
300 _a২৬০ পৃ. :
_bচিত্র ;
_c১৯ সেমি.
650 _aপাবলিক অর্থ
_9148325
650 _aPublic finance
_9148326
942 _2ddc
_cBK
999 _c49411
_d49411